banner-ar

THE THAMES AND HUDSON PERPETUAL CALNDAR OF ANCIENT EGYPT / (Record no. 15017)

MARC details
000 -الفاتح
حقل البيانات ثابتة الطول 00607nam a2200205Ia 4500
008 - عناصر البيانات ثابتة الطول - معلومات عامة
حقل البيانات ثابتة الطول 140319s9999 xx 000 0 eng d
040 ## - مصدر الفهرسة
وكالة الفهرسة الأصلية GCL /
وكالة النسخ GCL
082 04 - رقم تصنيف ديوى العشرى
رقم التصنيف CC
رقم المادة 932
-- R T
100 1# - المدخل الرئيسى - إسم شخصى
الإسم الشخصى KESSEL, KATHERINE VAN
245 10 - بيان العنوان
العنوان THE THAMES AND HUDSON PERPETUAL CALNDAR OF ANCIENT EGYPT /
بيان المسئوليه,etc KESSEL, KATHERINE VAN
700 1# - المدخل الاضافى - اسم شخصى
الإسم الشخصى BERMAN, MIRIAM
700 1# - المدخل الاضافى - اسم شخصى
الإسم الشخصى ROGGES, ROBIO
700 1# - المدخل الاضافى - اسم شخصى
الإسم الشخصى BREWER, MARY BETH
260 ## - PUBLICATION, DISTRIBUTION, ETC. (IMPRINT)
تاريخ النشر أو التوزيع 1994
650 04 - المدخل الاضافى بالموضوع-مصطلح موضوعى
مصطلح موضوعي ANCIENT EGYPT - HISTORY
650 04 - المدخل الاضافى بالموضوع-مصطلح موضوعى
مصطلح موضوعي EGYPT - CIVILIZATION
650 04 - المدخل الاضافى بالموضوع-مصطلح موضوعى
مصطلح موضوعي PHARONIC - CIVLIZATION
942 ## - عناصر المدخل الإضافي( كوها)
مصدر التصنيف او مخطط الترفيف Dewey Decimal Classification
Koha [default] item type كتاب
260 ## - PUBLICATION, DISTRIBUTION, ETC. (IMPRINT)
-- [S.N] :
-- THAMES AND HUDSON ،
Holdings
حالة التراجع حالة الفقد حالة تلف ليس للاعارة المكان المؤقت الموقع الحالى تاريخ الاكتساب اجمالي اﻻعارات رقم الطلب الباركود تاريخ اخر مشاهدة تاريخ تفعيل السعر نوع وعاء كوها
        مكتبة القاهرة الكبرى مكتبة القاهرة الكبرى 03/26/2014   CC\932\R T 28025 03/26/2014 03/26/2014 كتاب

Powered By

EGPV